000 00535nam a2200193Ia 4500
005 20250703151433.0
008 008 250516s9999 xx 000 0 eng d
020 _a9783031454677
040 _beng
_cSDCL
041 _aeng
_2eng
084 _aD6,8(B),22:8 R4
100 _aBishop, Christopher M.
_9815156
245 0 _aDeep learning :
_bFoundations and concepts
260 _aSwitzerland :
_bSpringer,
_c2024.
300 _axx, 649p.
650 _aBiophysics
_9815157
700 _aBishop, Hugh
_9815158
942 _cTEXL
_2CC
999 _c1430815
_d1430815